<?xml version="1.0" encoding="UTF-8"?>
<record
    xmlns:xsi="http://www.w3.org/2001/XMLSchema-instance"
    xsi:schemaLocation="http://www.loc.gov/MARC21/slim http://www.loc.gov/standards/marcxml/schema/MARC21slim.xsd"
    xmlns="http://www.loc.gov/MARC21/slim">

  <leader>03251nab a2200313 i 4500</leader>
  <controlfield tag="003">BR-BrBNA</controlfield>
  <controlfield tag="005">20250629134030.0</controlfield>
  <controlfield tag="008">250629b2017    bl.qr|pooa||| 00| 0 eng |</controlfield>
  <datafield tag="040" ind1=" " ind2=" ">
    <subfield code="a">BR-BrBNA</subfield>
    <subfield code="b">eng</subfield>
  </datafield>
  <datafield tag="072" ind1=" " ind2=" ">
    <subfield code="a">K50</subfield>
  </datafield>
  <datafield tag="100" ind1=" " ind2=" ">
    <subfield code="a">Delucis, Rafael de Avila </subfield>
  </datafield>
  <datafield tag="100" ind1=" " ind2=" ">
    <subfield code="a">Peres, Matheus Lemos </subfield>
  </datafield>
  <datafield tag="100" ind1=" " ind2=" ">
    <subfield code="a">Beltrame, Rafael </subfield>
  </datafield>
  <datafield tag="100" ind1=" " ind2=" ">
    <subfield code="a">Gatto, Darci Alberto </subfield>
  </datafield>
  <datafield tag="100" ind1=" " ind2=" ">
    <subfield code="a">Haselein, Clovis Roberto </subfield>
  </datafield>
  <datafield tag="245" ind1=" " ind2=" ">
    <subfield code="a">Age of segregation of Brazilian sycamore wood from two different physiographic regions</subfield>
  </datafield>
  <datafield tag="500" ind1=" " ind2=" ">
    <subfield code="a">

Publica&#xE7;&#xE3;o online; 16 ref.; Summaries (En, Pt)</subfield>
  </datafield>
  <datafield tag="520" ind1=" " ind2=" ">
    <subfield code="a">


ABSTRACT:   The manufacture of wooden pieces with appropriate properties according to each type of use requires a great knowledge about their variability, especially in the radial direction.  The  present  study  aims  to  determine  the  age  of  segregation  between  juvenile  and mature woods of sycamore (Platanus x acerifolia) wood by the radial variation of its basic density. Sycamore trees were randomly selected in two physiographic regions of the southern Brazil, namely Central Depreciation and Hill Top northeast. To determine density, the volume of the saturated samples was measured by the buoyancy method and the dry mass was obtained by weighing after drying in an oven at 103 &#xB0;C. Sycamore wood segregated at distance between 11 cm and 16 cm from the pitch, corresponding to the 12th and 15th growth rings. The density presented significant variability when compared between regions and/or juvenile and mature woods.  


KEYWORDS:   Basic density, Wood quality, Juvenile wood, Mature wood</subfield>
  </datafield>
  <datafield tag="520" ind1=" " ind2=" ">
    <subfield code="a">


RESUMO:    A fabrica&#xE7;&#xE3;o de pe&#xE7;as de madeira com propriedades apropriadas de acordo com cada tipo de utiliza&#xE7;&#xE3;o exige um grande conhecimento da sua variabilidade, especialmente na dire&#xE7;&#xE3;o radial. O presente estudo teve como objetivo determinar a idade de segrega&#xE7;&#xE3;o da madeira juvenil e adulta de pl&#xE1;tano (Platanus x acerifolia) por meio da varia&#xE7;&#xE3;o radial de sua densidade b&#xE1;sica. As &#xE1;rvores de pl&#xE1;tano foram selecionadas aleatoriamente em duas regi&#xF5;es fisiogr&#xE1;ficas do sul do Brasil, chamadas Depress&#xE3;o Central e Encosta Superior Nordeste.  Para  determinar  a  densidade,  o  volume  das  amostras  saturadas  foi  avaliado  pelo m&#xE9;todo de flutua&#xE7;&#xE3;o e a massa seca foi obtida por pesagem ap&#xF3;s secagem em estufa a 103 &#xB0;C. A madeira de pl&#xE1;tano segregou a uma dist&#xE2;ncia entre 11 cm e 16 cm da medula, correspondente a an&#xE9;is de crescimento entre o 12&#xBA; e o 15&#xBA;. A densidade apresentou varia&#xE7;&#xE3;o significativa quando comparada entre regi&#xF5;es e/ou entre os lenhos juvenil e adulto. 


PALAVRAS-CHAVE:   Densidade b&#xE1;sica, Qualidade da madeira, Madeira juvenil, Madeira adulta</subfield>
  </datafield>
  <datafield tag="650" ind1=" " ind2=" ">
    <subfield code="a">PL&#xC1;TANO</subfield>
  </datafield>
  <datafield tag="650" ind1=" " ind2=" ">
    <subfield code="a">PLANTA PARA SOMBRA</subfield>
  </datafield>
  <datafield tag="650" ind1=" " ind2=" ">
    <subfield code="a">MADEIRA</subfield>
  </datafield>
  <datafield tag="650" ind1=" " ind2=" ">
    <subfield code="a">QUALIDADE</subfield>
  </datafield>
  <datafield tag="650" ind1=" " ind2=" ">
    <subfield code="a">DENSIDADE DA MADEIRA</subfield>
  </datafield>
  <datafield tag="773" ind1="0" ind2=" ">
    <subfield code="0">3551</subfield>
    <subfield code="9">345993</subfield>
    <subfield code="d">Bel&#xE9;m-PA Faculdade de Ci&#xEA;ncias Agr&#xE1;rias do Par&#xE1; 1999</subfield>
    <subfield code="o">2024-6642</subfield>
    <subfield code="t">Revista de Ci&#xEA;ncias Agr&#xE1;rias (Brazil)</subfield>
    <subfield code="x">1517-591X Impresso/Vers&#xE3;o online ISSN 2177-8760</subfield>
    <subfield code="g">v. 60(2) p. 147-151; (2017)</subfield>
    <subfield code="w">BR2025004001</subfield>
  </datafield>
  <datafield tag="856" ind1=" " ind2=" ">
    <subfield code="u">https://ajaes.ufra.edu.br/index.php/ajaes/article/view/2387/1432</subfield>
  </datafield>
  <datafield tag="942" ind1=" " ind2=" ">
    <subfield code="c">ANA</subfield>
  </datafield>
  <datafield tag="999" ind1=" " ind2=" ">
    <subfield code="c">332302</subfield>
    <subfield code="d">332302</subfield>
  </datafield>
</record>
